Normal view
MARC view
- National Catholic Commission for Justice and Peace
Entry Corporate Name
001 - CONTROL NUMBER
- control field: 44810
003 - CONTROL NUMBER IDENTIFIER
- control field: OSt
005 - DATE AND TIME OF LATEST TRANSACTION
- control field: 20240316133108.0
008 - FIXED-LENGTH DATA ELEMENTS
- fixed length control field: 240316|| aca||aabn | a|a d
040 ## - CATALOGING SOURCE
- Original cataloging agency: OSt
- Transcribing agency: OSt
110 ## - HEADING--CORPORATE NAME
- Corporate name or jurisdiction name as entry element: National Catholic Commission for Justice and Peace
670 ## - SOURCE DATA FOUND
- Source citation: Work cat.: (OSt): National Catholic Commission for Justice and Peace, Justice and peace commission peace building training manual /, 2007